000 03463nam a22003377i 4500
001 TCPA 47
003 gtcocun
005 20250911153223.0
006 a||||gr|||| 00| 0
008 250911b2017 gt ||||| m||| 00| 0 eng d
040 _agtcocun
_bSPA
_cgtcocun
_eRDA
041 _aSPA
084 _0TCPA 47
100 _aChén, Erwin Leonel
_eAutor
245 _aInforme final del Ejercicio Profesional Supervisado, realizado en la Municipalidad de San Pedro Carchá, Alta Verapaz/
_cErwin Leonel Chén
_hImpreso
264 _aCobán, Alta Verapaz:
_bUniversidad de San Carlos de Guatemala, Centro Universitario del Norte, Licenciatura en Contaduría Pública y Auditoría.
_c2017
300 _a65 p.:
_bIlustraciones, gráficas.
_c28 cm; PDF
336 _2rdacontenido
_aTexto
_btxt
337 _2rdamedio
_aComputadora
_bn
338 _2rdasoporte
_aCódigo en línea
_bcr
502 _e.
502 _e.
502 _aTesis de grado
_cUniversidad de San Carlos de Guatemala, Centro Universitario del Norte,
502 _aTesis de grado
_bLicenciatura en Contaduría Pública y Auditoría.
_cUniversidad de San Carlos de Guatemala, Centro Universitario del Norte, Licenciatura en Contaduría Pública y Auditoría.
_d2017
_oTCPA 47
520 1 4 _aGuatemala es un país con problemas socioeconómicos que afectan el desarrollo de todos sus municipios. En la actualidad el país tiene problemas de corrupción, que es una de las causas que impiden que la economía mejore. La falta de inversión pública y privada no permite explotar las potencialidades de la nación y por ende se transforman en causas de subdesarrollo y desempleo. En virtud a lo anterior se procede a realizar una investigación sobre las características generales y problemática del municipio de San Pedro Carchá, departamento de Alta Verapaz. Con la posibilidad de poder aportar al desarrollo del municipio y coadyuvar a la generación de empleo a través de propuestas de inversión rentables para el municipio: dichas propuestas son identificadas y analizadas a través de una serie de elementos que sirvieron para poder determinar y seleccionar proyectos que ayuden a mitigar los efectos de los problemas en el desarrollo de Guatemala, dentro de los proyectos seleccionados, se encuentran: producción y comercialización de repollo en aldea Candelaria Chiyó, engorde, destace y comercialización de pollo en el Aldea Chiyó, producción y comercialización de ejote francés en Aldea Santa María Chiraxcaj, todas las aldeas anteriores son del municipio de San Pedro Carchá, departamento de Alta Verapaz. Para llevar a cabo dichas evaluaciones fue necesaria la aplicación de técnicas para la investigación, al igual que una fase de diagnóstico, elaboración de un plan metodológico, y ejecución, donde fue necesario el involucramiento de las herramientas previamente establecidas, así, como se menciona anteriormente. La utilización de fuentes primarias y secundarias durante la investigación fue indispensable, ya que a raíz de ello, se generaron los distintos datos que se presentan en el informe.
650 1 4 _2LEMB
_aCarchá Alta Verapaz
_xrepollo
_xpollo
_xejote francés
700 _aLic. Teófilo Remigio Caal Barrientos
_eAsesor
856 _uhttps://drive.google.com/file/d/1CiE2o5e7_HxQlnl96kqpN5PSU2zzLJ-S/view?usp=sharing
_yPDF
_zUn ejemplar en línea.
942 _2ddc
_cTES
_iTCPA_47
_kClasificación
_n0
_6TCPA__47
999 _c1794
_d1794